LIBRARY & INFORMATION CENTRE, KCAET, TAVANUR

ONLINE PUBLIC ACCESS CATALOGUE (OPAC)

Normal view MARC view
  • IRRIGATION

Entry Topical Term

Number of records used in: 2

001 - CONTROL NUMBER

  • control field: 5229

003 - CONTROL NUMBER IDENTIFIER

  • control field: OSt

005 - DATE AND TIME OF LATEST TRANSACTION

  • control field: 20220718123502.0

008 - FIXED-LENGTH DATA ELEMENTS

  • fixed length control field: 220718|| aca||aabn | a|a d

040 ## - CATALOGING SOURCE

  • Original cataloging agency: OSt
  • Transcribing agency: OSt

150 ## - HEADING--TOPICAL TERM

  • Topical term or geographic name as entry element: IRRIGATION

670 ## - SOURCE DATA FOUND

  • Source citation: Work cat.: (OSt)17531: PUNMIA, B C, IRRIGATION AND WATER POWER ENGINEERING, ,2020
free website counter